000 00240nam a22000857a 4500
008 160914b xxu||||| |||| 00| 0 eng d
100 _9422
_aAggarwal.R.S. ettal
245 _aMental Mathematics-IV
260 _aNew Delhi
_bS. Chand Publications
_c2011
999 _c3081
_d3081